Statistics for E2(山陽道など)のIC

Click here to take the quiz!

General Stats

  • This quiz has been taken 69 times
  • The average score is 54 of 95

Answer Stats

HintAnswers% Correct
IC岡山
92%
JCT岡山
92%
IC広島
88%
JCT広島
88%
JCT神戸
85%
IC岩国
83%
JCT倉敷
83%
IC倉敷
83%
SA/SIC福山
83%
JCT倉敷
83%
JCT山口
81%
SA/SIC宮島
79%
JCT尾道
77%
IC尾道
77%
JCT宇部
77%
IC宇部
77%
JCT廿日市
77%
IC廿日市
77%
JCT宇部
77%
IC大竹
77%
JCT大竹
77%
JCT大竹
77%
JCT廿日市
77%
IC早島
77%
IC赤穂
73%
IC笠岡
71%
IC西条
71%
IC龍野
69%
JCT三木
69%
JCT三木
69%
SA三木
69%
JCT播磨
67%
IC五日市
67%
SA/SIC吉備
67%
IC山陽
67%
IC山陽姫路西
65%
IC山陽姫路東
65%
IC龍野西
65%
SA龍野西
65%
IC小郡
65%
JCT下関
63%
IC広島東
63%
IC福山東
63%
PA瀬戸
63%
IC神戸北
60%
IC本郷
60%
IC鴨方
60%
SA下松
60%
IC福山西
60%
IC徳山西
58%
IC徳山東
58%
IC防府東
56%
IC小野田
56%
IC防府西
56%
IC備前
56%
IC大野
56%
IC玉島
54%
IC加古川北
54%
IC和気
52%
IC玖珂
52%
JCT/IC高屋
52%
SA小谷
52%
PA玖珂
52%
IC河内
50%
IC神戸西
50%
SA佐波川
50%
IC三原久井
48%
IC三木小野
48%
IC山口南
46%
IC山口南
46%
IC三木東
46%
PA淡河
44%
PA権現湖
42%
PA白鳥
40%
PA/SIC沼田
38%
PA富海
38%
PA奥屋
38%
IC熊毛
38%
PA道口
38%
IC志和
35%
IC埴生
33%
PA篠坂
33%
PA福石
33%
PA高坂
31%
IC阿知須
29%
PA八幡
29%
IC嘉川
27%
IC嘉川
27%
IC由良
21%
PA周防灘
21%
IC原条
15%
IC大原
15%
IC岡屋
15%
IC名田島
13%
IC
13%

Score Distribution

Percentile by Number Answered

Percent of People with Each Score

Your Score History

You have not taken this quiz